Painful remedy for future gain (Record no. 71114)
[ view plain ]
| 000 -LEADER | |
|---|---|
| fixed length control field | 00700cam a2200229 4500 |
| 001 - CONTROL NUMBER | |
| control field | ABS65885 |
| 008 - FIXED-LENGTH DATA ELEMENTS--GENERAL INFORMATION | |
| fixed length control field | 020910n2002 000 0 eng u |
| 035 ## - SYSTEM CONTROL NUMBER | |
| System control number | (Sirsi) u119634 |
| 100 ## - MAIN ENTRY--PERSONAL NAME | |
| Personal name | Hall, J. |
| 245 ## - TITLE STATEMENT | |
| Title | Painful remedy for future gain |
| 260 ## - PUBLICATION, DISTRIBUTION, ETC. | |
| Date of publication, distribution, etc. | 2002 |
| 490 ## - SERIES STATEMENT | |
| Series statement | Landowning in Scotland |
| Volume/sequential designation | (270) August/September 2002, 19-20(2) |
| 520 ## - SUMMARY, ETC. | |
| Summary, etc. | Describes the Mid Term Review (MTR) of the Common Agricultural Policy (CAP), designed to make this body of policy less inefficient and cumbersome. |
| 590 ## - LOCAL NOTE (RLIN) | |
| Local note | ABS |
| 650 ## - SUBJECT ADDED ENTRY--TOPICAL TERM | |
| Topical term or geographic name entry element | CAP |
| 650 ## - SUBJECT ADDED ENTRY--TOPICAL TERM | |
| Topical term or geographic name entry element | COMMON AGRICULTURAL POLICY |
| 650 ## - SUBJECT ADDED ENTRY--TOPICAL TERM | |
| Topical term or geographic name entry element | FARMING |
| 650 ## - SUBJECT ADDED ENTRY--TOPICAL TERM | |
| Topical term or geographic name entry element | MODULATION |
| 650 ## - SUBJECT ADDED ENTRY--TOPICAL TERM | |
| Topical term or geographic name entry element | SCOTLAND |
| 690 ## - LOCAL SUBJECT ADDED ENTRY--TOPICAL TERM (OCLC, RLIN) | |
| Topical term or geographic name as entry element | Rural |
| 9 (RLIN) | 6268 |
| 942 ## - ADDED ENTRY ELEMENTS (KOHA) | |
| Suppress in OPAC | 0 |
| Withdrawn status | Lost status | Source of classification or shelving scheme | Damaged status | Not for loan | Home library | Current library | Shelving location | Date acquired | Total Checkouts | Full call number | Barcode | Date last seen | Copy number | Price effective from | Koha item type |
|---|---|---|---|---|---|---|---|---|---|---|---|---|---|---|---|
| Dewey Decimal Classification | London | London | Journal article | 20/09/2002 | ABS65885 | 119634-2001 | 06/08/2019 | 1 | 06/08/2019 | Journal article |